| 000 | 00497nam a2200205Ia 4500 | ||
|---|---|---|---|
| 003 | OSt | ||
| 005 | 20260218150906.0 | ||
| 008 | 250729s2003 xx 000 0 und d | ||
| 020 | _a978-1332473151 | ||
| 040 | _cAL | ||
| 041 | _aeng | ||
| 082 | _a372.25 IGNT | ||
| 100 |
_aIGNOU _9229319 |
||
| 245 | _aTeacher and school:teacher-role and development | ||
| 260 |
_aNew Delhi _c2003 |
||
| 300 | _a57p | ||
| 650 |
_aEducation _9229320 |
||
| 700 |
_aRao Digumurthi _9229321 |
||
| 942 |
_2ddc _cBED |
||
| 999 |
_c238292 _d238292 |
||